000
003090000a22001330004500
020
_a
0-689-82980-9
082
0
4
_a
GI CTV H163o
100
1
_a
Halperin, Wendy Anderson
245
1
0
_a
LOVE IS / Wendy Anderson Halperin
260
_a
New York : Simon & Schuster
300
_a
28 P.
001
324
942
_c
LGB
999
_c
47569
_d
47569